Discurso del Dr. José E. G. Araujo, director general del IICA, en el acto inaugural de la VII reunión intermericana de ejecutivos de reforma agraria

Guardat en:
Dades bibliogràfiques
Autor principal: Araujo, José EMilio G.
Format: Text
Publicat: San José :
Etiquetes: Afegir etiqueta
Sense etiquetes, Sigues el primer a etiquetar aquest registre!

MARC

LEADER 00000 a a2200000 04500
001 15695
003
040 |a CRAI/IIS  |c CRAI/IIS 
090 |a 014400  
100 |a Araujo, José EMilio G.  
245 |a Discurso del Dr. José E. G. Araujo, director general del IICA, en el acto inaugural de la VII reunión intermericana de ejecutivos de reforma agraria  
260 |a San José :  
300 |a 7 p.  
999 |c 4120  |d 4120